| 000 | 00604nam a22001577a 4500 | ||
|---|---|---|---|
| 003 | OSt | ||
| 005 | 20150915170258.0 | ||
| 008 | 150915b xxu||||| |||| 00| 0 eng d | ||
| 040 | _cRUA | ||
| 082 | _aAGR LOU 2002 B028 Or.1 | ||
| 100 |
_9552 _aLOU, LYKHANN. |
||
| 245 | _aObservation and evaluation of to hybride varieties of corn ពិសោធន៍តាមដាន និងវាយតំលៃពូជពោតចំណីសត្វក្នុងល័ក្ខខ័ណ្ឌរដូវវស្សា | ||
| 260 |
_aPhnom Penh _bRUA _c2002 |
||
| 300 |
_a65p. _bill. _c29cm. |
||
| 942 |
_2ddc _cAGR |
||
| 999 |
_c529 _d529 |
||